Ochrana prenosu šifrovacích kľúčov v podnikovej sieti s využitím eliptických kriviek

Saved in:
Bibliographic Details
Main Author: Mičian, Adam (Author)
Other Authors: Orgoň, Miloš (Thesis advisor)
Format: Manuscript Book
Language:Slovak
Published: Bratislava : STU v Bratislave FEI, 2023
Subjects:
Online Access:https://opac.crzp.sk/?fn=detailBiblioFormChildAA26K&sid=C0DEB8E07572332BA2240215805F&seo=CRZP-detail-kniha
Tags: Add Tag
No Tags, Be the first to tag this record!

MARC

LEADER 00000ntm a22000003a 4500
001 stuzp94712
003 SK-STU
005 20241127110534.2
007 ta
008 150427s2015----xo-----f-mn---000-0-slo-d
040 |a STU  |b slo 
041 0 |a slo 
044 |a xo 
100 1 |a Mičian, Adam  |u 037000  |4 aut  |U FEI Fakulta elektrotechniky a informatiky  |T FEI Ústav multimediálnych informačných a komunikačných technológií  |X 92566  |U E070  |Y 818  |7 92566 
242 0 1 |a Protection of transmission of encryption keys in a corporate network using elliptic curves  |y eng 
245 1 0 |a Ochrana prenosu šifrovacích kľúčov v podnikovej sieti s využitím eliptických kriviek 
260 |a Bratislava :  |b STU v Bratislave FEI,  |c 2023 
300 |a 59 s. 
650 4 |a ECC  |2 slo 
650 4 |a ECDH  |2 slo 
650 4 |a IPsec tunel  |2 slo 
650 4 |a ECC  |2 eng 
650 4 |a ECDH  |2 eng 
650 4 |a IPsec tunnel  |2 eng 
700 1 |a Orgoň, Miloš  |u 037000  |k Z1  |4 ths  |U FEI Fakulta elektrotechniky a informatiky  |T FEI Ústav multimediálnych informačných a komunikačných technológií  |X 2184  |U E070  |Y 818  |7 A000002184 
856 4 |u https://opac.crzp.sk/?fn=detailBiblioFormChildAA26K&sid=C0DEB8E07572332BA2240215805F&seo=CRZP-detail-kniha